Modern elementary mathematics
This book introduction logic and mathematical reasoning, sets, relations, and functions, nubers and systems of numeration, the system of whole numbers, the system of integers, geometry and coordinate graphing, number theory and mathematical systems...
Sparad:
| Huvudupphovsman: | |
|---|---|
| Materialtyp: | Bok |
| Språk: | Undetermined |
| Publicerad: |
New York
Harcourt Brace Jovanovich
1979
|
| Ämnen: | |
| Taggar: |
Lägg till en tagg
Inga taggar, Lägg till första taggen!
|
| Thư viện lưu trữ: | Trung tâm Học liệu Trường Đại học Cần Thơ |
|---|
| LEADER | 00754nam a2200193Ia 4500 | ||
|---|---|---|---|
| 001 | CTU_186327 | ||
| 008 | 210402s9999 xx 000 0 und d | ||
| 082 | |a 510 | ||
| 082 | |b G741 | ||
| 100 | |a Graham, Malcolm | ||
| 245 | 0 | |a Modern elementary mathematics | |
| 245 | 0 | |c Malcolm Graham | |
| 260 | |a New York | ||
| 260 | |b Harcourt Brace Jovanovich | ||
| 260 | |c 1979 | ||
| 520 | |a This book introduction logic and mathematical reasoning, sets, relations, and functions, nubers and systems of numeration, the system of whole numbers, the system of integers, geometry and coordinate graphing, number theory and mathematical systems... | ||
| 650 | |a Mathematics,Toán học | ||
| 904 | |i Qhieu | ||
| 980 | |a Trung tâm Học liệu Trường Đại học Cần Thơ | ||